Statistiques concernant Culture Générale - Série 1329

Cliquez ici pour prendre le quiz!

Statistiques générales

  • Ce quiz a été pris 44 fois
  • Le résultat moyen est 4 sur 10

Statistiques - réponses

QuestionRéponse% Correct
À quelle reine de France attribue-t-on injustement ces mots : “S'ils n'ont pas de pain, qu'ils mangent de la brioche !” ?Marie-Antoinette
84%
Selon la légende, quel animal fabuleux saint Georges terrasse-t-il pour délivrer une princesse ?dragon
84%
Quel pays d'Afrique, fondé par des esclaves américains libérés, se proclama indépendant en 1847 ?Liberia
66%
Quelle ville italienne, chef-lieu du Piémont, a donné son nom au traité de 1860 qui cède définitivement la Savoie à la France ?Turin
55%
Quel acteur incarne Roch Siffredi dans le film "Borsalino" de Jacques Deray ?Alain Delon
47%
De quel prénom Al est-il le diminutif, quand il s'agit du comédien Al Pacino ?Alfredo
32%
Sur quelle "montagne", au coeur du quartier latin, est située le Panthéon ?Sainte-Geneviève
26%
En 1962, quel groupe de rock'n'roll interprète “Le Twist du canotier” avec Maurice Chevalier ?Les Chaussettes noires
16%
De 1974 à 1983, quel joueur de tennis américain est cinq fois victorieux de l'US Open en simple messieurs ?Jimmy Connors
16%
Quel écrivain italien du XIVe siècle est l'auteur du recueil de nouvelles intitulé le “Décaméron” ?Boccace
8%

Distribution des résultats

Percentile par nombre de réponses

% des personnes avec chaque résultat

Votre développement - résultats

Vous n’avez pas pris ce quiz